Catálogo

LEY FEDERAL SOBRE MONUMENTOS Y ZONAS ARQUEOLOGICAS : (Registro nro. 23534)

Detalles MARC
000 -LEADER
fixed length control field 00518nam a2200157 a 4500
001 - CONTROL NUMBER
control field 23534
005 - DATE AND TIME OF LATEST TRANSACTION
control field 20180713221618.0
008 - FIXED-LENGTH DATA ELEMENTS--GENERAL INFORMATION
fixed length control field 140415s1972 000 0 spa d
041 ## - LANGUAGE CODE
Language code of text/sound track or separate title spa
082 ## - DEWEY DECIMAL CLASSIFICATION NUMBER
Classification number 344.094
Item number MEX
100 1# - MAIN ENTRY--PERSONAL NAME
Personal name MEXICO. CODIGOS Y LEYES DE MEXICO
245 10 - TITLE STATEMENT
Title LEY FEDERAL SOBRE MONUMENTOS Y ZONAS ARQUEOLOGICAS :
Remainder of title (DIARIO OFICIAL 6 DE MAYO DE 1972)
260 ## - PUBLICATION, DISTRIBUTION, ETC.
Place of publication, distribution, etc. [s.l.] :
Name of publisher, distributor, etc. INSTITUTO NACIONAL DE ANTROPOLOGIA E HISTORIA,
Date of publication, distribution, etc. 1972
300 ## - PHYSICAL DESCRIPTION
Extent 24
650 14 - SUBJECT ADDED ENTRY--TOPICAL TERM
Topical term or geographic name entry element MONUMENTOS
General subdivision LEGISLACION
Existencias
Withdrawn status Lost status Source of classification or shelving scheme Damaged status Not for loan Collection code Home library Current library Shelving location Date acquired Source of acquisition Total Checkouts Full call number Barcode Price effective from Koha item type
    Dewey Decimal Classification   Consulta en sala Referencia Biblioteca Karol Wojtyla Biblioteca Karol Wojtyla Referencia 03/12/2013 Compra   344.094 MEX 44368 11/07/2018 Folleto